Objetivo la tierra: colisiones con asteroides pasado y futuro
Gardado en:
| Autor Principal: | |
|---|---|
| Formato: | Libro |
| Idioma: | Lingua castelá |
| Publicado: |
Madrid
McGraw-Hill
1992
|
| Series: | Serie McGraw-Hill de divulgación científica
|
| Subjects: | |
| Tags: |
Engadir etiqueta
Sen Etiquetas, Sexa o primeiro en etiquetar este rexistro!
|
MARC
| LEADER | 00000nam a2200000 a 4500 | ||
|---|---|---|---|
| 001 | UCV5385 | ||
| 003 | CL-VaPUC | ||
| 008 | 930526e19920000SP |||||||||||||||||spa|d | ||
| 082 | 0 | 4 | |a 523.44 |b ERI |2 21 |
| 100 | 0 | |a Erickson, Jon |e author |9 299721 | |
| 245 | 1 | 0 | |a Objetivo la tierra: colisiones con asteroides pasado y futuro |
| 300 | |a 209 p | ||
| 942 | |c BK | ||
| 945 | |d 19930526 00:00:00 | ||
| 260 | |a Madrid |b McGraw-Hill |c 1992 | ||
| 650 | 0 | |a Asteroides |9 262166 | |
| 583 | |a last modification |c 19930526 00:00:00 |k Rodrigo Vera | ||
| 490 | 0 | |a Serie McGraw-Hill de divulgación científica | |
| 999 | |c 211931 |d 211929 | ||
| 952 | |0 0 |1 0 |4 0 |6 523_440000000000000_ERI_1992 |7 0 |8 A |9 191975 |a BIBING |b BIBING |d 2019-11-14 |i 2595141 |o 523.44 ERI 1992 |p 2595141 |r 2025-01-20 |w 2019-11-14 |y BK |k GEO | ||